Ile państw z Turkus 28 Country Lore 1-10 umiesz zgadnąć? - Statystyki

Ogólne statystyki
  • Ten quiz został rozwiązany 8 razy
  • Średni wynik to 4 z 10
Statystyki odpowiedzi
Hint Odpowiedź % Poprawnych
Został wystrzelony w kosmos. Stany Zjednoczone
100%
Pierwszy Robot. Tadżykistan
67%
Walnął kamień. Wielka Brytania
67%
Jako pierwszy został porwany, ale powrócił. Estonia
33%
Główny antagonista. Polska
33%
Z butelką walnięty. Rosja
33%
Tylko raz widziany. Włochy
33%
Szedł za śladami.... ....Protagonisy? Hiszpania
0%
Lubi lodowce. Kanada
0%
Uh.... ....Protagonista? Łotwa
0%
Nie znaleziono quizów pasujących do podanych kryteriów
Rozkład punktacji
Procent ludzi z każdym wynikiem
Percentyl według liczby udzielonych odpowiedzi
Twoja historia wyników
Nie rozwiązałeś tego quizu